000 00917cam a2200241 4500
001 L137209
002 6183
008 070322s2001 xxka f f 001 0 eng d
020 _a1873394497
035 _a(Sirsi) u137209
041 0 _aeng
050 0 4 _a747 $2 22
100 1 _aHasluck, Paul Nooncree
245 0 0 _aHouse decoration
250 _a2001 ed.
260 _aShaftesbury
_bDonhead Publishing Limited
_c2001
300 _a160p.
_bill.
_c19cm.
350 _a20.00
590 _aContains instructions for many common aspects of house decoration. The main text remains unchanged from its original 1871 publication. Contains advice on pigments and mixing paints, using varnishes and driers. Describes the use of decorating tools. Describes how to whitewash, decorate and embellish ceilings. Explains how to paint and paper rooms.
651 4 _aInternational
690 _aRefurbishment
_96264
942 _n0
999 _c106689
_d106689